000 00830nam a2200229 a 4500
003 MX-MxUPN
005 20240924070341.0
008 991125s1941 mx 000 0 spa u
035 _aUPN01000050543
040 _aMX-MxUPN
_bspa
_cMX-MxUPN
050 4 _aF1210
_bV5.7
100 1 _aVivó, Jorge A.
_q(Jorge Abilio),
_d1906-1979
_947002
245 1 0 _aRazas y lenguas indígenas de México :
_bsu distribución geográfica /
_cJorge A. Vivó.
260 _aMéxico :
_bInstituto Panamericano de Geografía e Historia,
_c1941.
300 _a58 p. :
_bil., 30 mapas
500 _a"Incluye cuatro mapas plegados a 30x20 cm."
500 _aDisponible en la Colección Medina
650 4 _aINDIOS DE MEXICO -
_xANTROPOMETRIA
650 4 _aIndígenas de México
_xLenguas
_913865
650 4 _aEtnología
_zMéxico
_96473
905 _aLibro
999 _c50543
_d50543